LEADER 01243nas 2200421-a 450 001 996203541303316 005 20230430213019.0 011 $a1687-2770 035 $a(DE-599)ZDB2187777-4 035 $a(OCoLC)60806229 035 $a(CKB)111093988337000 035 $a(CONSER)--2005252436 035 $a(EXLCZ)99111093988337000 100 $a20050705a20059999 s-- - 101 0 $aeng 135 $aurmn||||||||| 181 $ctxt$2rdacontent 182 $cc$2rdamedia 183 $acr$2rdacarrier 200 00$aBoundary value problems 210 $a[Cairo, Egypt] $cHindawi Pub. Corp.$dİ2005- 215 $a1 online resource 300 $aRefereed/Peer-reviewed 300 $aTitle from HTML contents (Hindawi, viewed July 5, 2005). 311 $a1687-2762 517 1 $aBVP 531 $aBOUND. VALUE PROBL 531 $aBOUND VALUE PROBL 606 $aBoundary value problems$vPeriodicals 606 $aBoundary value problems$2fast$3(OCoLC)fst00837122 608 $aPeriodicals.$2lcgft 608 $aPeriodicals.$2fast 615 0$aBoundary value problems 615 7$aBoundary value problems. 906 $aJOURNAL 912 $a996203541303316 996 $aBoundary value problems$9382837 997 $aUNISA